[Event "69th RUS-ch Women Higher League 2019"]
[Site "Yaroslavl"]
[Date "2019.07.05"]
[Round "8.16"]
[White "Mukhina, Jana"]
[Black "Komiagina, Maria"]
[Result "1-0"]
[WhiteElo "2090"]
[BlackElo "2254"]
[Annotator "NA"]
[PlyCount "95"]
[EventDate "2019.06.27"]
[EventType "swiss"]
[EventCountry "RUS"]
[SourceTitle "playchess.com"]
[Source "ChessBase"]
[SourceQuality "1"]
[TimeControl "40/5400+30:1800+30"]

1. e4 {[%emt 0:00:00]} g6 {[%emt 0:00:00]} 2. d4 {[%emt 0:00:00]} Bg7 {[%emt 0:00:00]} 3. Nc3 {[%emt 0:00:03]} c6 {[%emt 0:00:06]} 4. h3 {[%emt 0:00:31]} d5 {[%emt 0:00:41]} 5. Nf3 {[%emt 0:01:04]} dxe4 {[%emt 0:00:28]} 6. Nxe4 {[%emt 0:00:02]} Nd7 {[%emt 0:00:39]} 7. c4 {[%emt 0:06:59]} Ngf6 {[%emt 0:00:10]} 8. Nc3 {[%emt 0:00:10]} O-O {[%emt 0:00:40]} 9. Be3 {[%emt 0:04:16]} a6 {[%emt 0:06:09]} 10. Be2 {[%emt 0:01:28]} b5 {[%emt 0:00:20]} 11. O-O {[%emt 0:07:25]} Nb6 {[%emt 0:03:39]} 12. b3 {[%emt 0:08:34]} Bf5 {[%emt 0:02:48]} 13. Ne5 {[%emt 0:01:13]} b4 {[%emt 0:01:03]} 14. Nxc6 {[%emt 0:10:05]} Qd6 {[%emt 0:00:22]} 15. Bf3 {[%emt 0:24:35]} bxc3 {[%emt 0:00:28]} 16. c5 {[%emt 0:00:08]} c2 {[%emt 0:06:56]} 17. Qe1 {[%emt 0:03:13]} Qd7 {[%emt 0:06:19]} 18. cxb6 {[%emt 0:00:19]} Be4 {[%emt 0:00:49]} 19. Ne5 {[%emt 0:01:10]} Qb5 {[%emt 0:00:21]} 20. Bxe4 {[%emt 0:01:32]} Nxe4 {[%emt 0:00:07]} 21. Nc4 {[%emt 0:01:04]} Nd6 {[%emt 0:03:26]} 22. Qc3 {[%emt 0:06:53]} Rac8 {[%emt 0:01:26]} 23. Qxc2 {[%emt 0:07:39]} f5 {[%emt 0:04:51]} 24. Bg5 {[%emt 0:02:52]} Bxd4 {[%emt 0:05:33]} 25. Rac1 {[%emt 0:07:41]} Qd7 {[%emt 0:03:50]} 26. Qe2 {[%emt 0:02:37]} Ne4 {[%emt 0:09:58]} 27. Be3 {[%emt 0:00:22]} Bg7 {[%emt 0:00:05]} 28. Rfd1 {[%emt 0:00:41]} Qb5 {[%emt 0:00:25]} 29. Bd4 {[%emt 0:00:41]} Bh6 {[%emt 0:02:03]} 30. Be3 {[%emt 0:00:41]} Bg7 {[%emt 0:02:40]} 31. Qd3 {[%emt 0:00:07]} Rb8 {[%emt 0:04:22]} 32. a4 {[%emt 0:00:32]} Qb4 {[%emt 0:00:28]} 33. Qd5+ {[%emt 0:00:36]} Kh8 {[%emt 0:00:10]} 34. Ne5 {[%emt 0:01:01]} f4 {[%emt 0:07:01]} 35. Bd4 {[%emt 0:00:24]} Nf6 {[%emt 0:06:32]} 36. Qe6 {[%emt 0:00:16]} Rbe8 {[%emt 0:06:22]} 37. Bc5 {[%emt 0:00:17]} Qe4 {[%emt 0:00:33]} 38. f3 {[%emt 0:00:41]} Qa8 {[%emt 0:00:37]} 39. a5 {[%emt 0:00:42]} Rc8 {[%emt 0:03:38]} 40. Nf7+ {[%emt 0:00:00]} Rxf7 {[%emt 0:00:00]} 41. Qxf7 {[%emt 0:00:51]} Ng8 {[%emt 0:04:18]} 42. Bxe7 {[%emt 0:03:07]} Re8 {[%emt 0:02:08]} 43. Rd7 {[%emt 0:01:56]} Nh6 {[%emt 0:01:00]} 44. Qxf4 {[%emt 0:01:23]} Nf5 {[%emt 0:00:15]} 45. b7 {[%emt 0:01:25]} Qa7+ {[%emt 0:02:48]} 46. Bc5 {[%emt 0:01:22]} Re1+ {[%emt 0:01:58]} 47. Rxe1 {[%emt 0:00:44]} Qxc5+ {[%emt 0:00:07]} 48. Kh2 {[%emt 0:00:43]} 1-0

[Event "69th RUS-ch Women Higher League 2019"]
[Site "Yaroslavl"]
[Date "2019.07.05"]
[Round "8.17"]
[White "Chernyak, Viktoria"]
[Black "Tokmakova, Ulyana"]
[Result "1-0"]
[WhiteElo "2253"]
[BlackElo "1878"]
[Annotator "NA"]
[PlyCount "65"]
[EventDate "2019.06.27"]
[EventType "swiss"]
[EventCountry "RUS"]
[SourceTitle "playchess.com"]
[Source "ChessBase"]
[SourceQuality "1"]
[TimeControl "40/5400+30:1800+30"]

1. d4 {[%emt 0:00:00]} d5 {[%emt 0:00:00]} 2. c4 {[%emt 0:00:00]} e6 {[%emt 0:00:00]} 3. Nf3 {[%emt 0:00:00]} c5 {[%emt 0:00:00]} 4. cxd5 {[%emt 0:00:19]} exd5 {[%emt 0:00:00]} 5. g3 {[%emt 0:00:25]} Nf6 {[%emt 0:01:07]} 6. Bg2 {[%emt 0:00:15]} Be7 {[%emt 0:00:06]} 7. O-O {[%emt 0:00:24]} O-O {[%emt 0:00:07]} 8. Be3 {[%emt 0:02:43]} c4 {[%emt 0:00:14]} 9. b3 {[%emt 0:00:28]} cxb3 {[%emt 0:00:20]} 10. Qxb3 {[%emt 0:00:28]} Nc6 {[%emt 0:01:41]} 11. Nc3 {[%emt 0:03:58]} Na5 {[%emt 0:02:25]} 12. Qb1 {[%emt 0:03:17]} Nc4 {[%emt 0:01:21]} 13. Bf4 {[%emt 0:01:19]} Qa5 {[%emt 0:04:47]} 14. Qd3 {[%emt 0:01:58]} Bb4 {[%emt 0:03:16]} 15. Nd1 {[%emt 0:06:07]} b6 {[%emt 0:10:02]} 16. Ne5 {[%emt 0:07:49]} Ba6 {[%emt 0:02:28]} 17. Nc6 {[%emt 0:03:22]} Qa4 {[%emt 0:05:15]} 18. Nxb4 {[%emt 0:00:23]} Qxb4 {[%emt 0:00:13]} 19. Qb3 {[%emt 0:01:58]} Qa5 {[%emt 0:03:16]} 20. Nc3 {[%emt 0:00:48]} Rac8 {[%emt 0:01:08]} 21. Rfc1 {[%emt 0:10:32]} Rfe8 {[%emt 0:05:34]} 22. a4 {[%emt 0:07:25]} h6 {[%emt 0:05:15]} 23. h4 {[%emt 0:06:10]} Ne4 {[%emt 0:03:21]} 24. Nb5 {[%emt 0:08:12]} Bxb5 {[%emt 0:13:09]} 25. axb5 {[%emt 0:03:53]} Ncd2 {[%emt 0:03:25]} 26. Qxd5 {[%emt 0:06:37]} Rxc1+ {[%emt 0:01:24]} 27. Rxc1 {[%emt 0:00:10]} Nc3 {[%emt 0:00:10]} 28. Qd7 {[%emt 0:00:35]} Nxe2+ {[%emt 0:00:47]} 29. Kh2 {[%emt 0:00:08]} Rf8 {[%emt 0:02:12]} 30. Rc8 {[%emt 0:01:21]} g5 {[%emt 0:02:44]} 31. Rxf8+ {[%emt 0:02:01]} Kxf8 {[%emt 0:00:02]} 32. Be5 {[%emt 0:00:35]} f6 {[%emt 0:02:10]} 33. Qd8+ {[%emt 0:00:34]} 1-0

[Event "69th RUS-ch Women Higher League 2019"]
[Site "Yaroslavl"]
[Date "2019.07.05"]
[Round "8.18"]
[White "Diakonova, Ekaterina"]
[Black "Markelova, Lubov"]
[Result "1-0"]
[WhiteElo "2196"]
[BlackElo "2186"]
[Annotator "NA"]
[PlyCount "105"]
[EventDate "2019.06.27"]
[EventType "swiss"]
[EventCountry "RUS"]
[SourceTitle "playchess.com"]
[Source "ChessBase"]
[SourceQuality "1"]
[TimeControl "40/5400+30:1800+30"]

1. e4 {[%emt 0:00:00]} e6 {[%emt 0:00:00]} 2. d4 {[%emt 0:00:00]} d5 {[%emt 0:00:00]} 3. Nc3 {[%emt 0:00:00]} Nf6 {[%emt 0:00:00]} 4. Bg5 {[%emt 0:00:00]} dxe4 {[%emt 0:00:17]} 5. Nxe4 {[%emt 0:00:00]} Nbd7 {[%emt 0:00:07]} 6. Nf3 {[%emt 0:00:00]} h6 {[%emt 0:00:13]} 7. Nxf6+ {[%emt 0:00:05]} Nxf6 {[%emt 0:00:11]} 8. Be3 {[%emt 0:00:06]} Nd5 {[%emt 0:01:05]} 9. Bd2 {[%emt 0:00:19]} c5 {[%emt 0:01:17]} 10. Bb5+ {[%emt 0:00:22]} Bd7 {[%emt 0:01:05]} 11. Bxd7+ {[%emt 0:00:07]} Qxd7 {[%emt 0:00:22]} 12. c4 {[%emt 0:00:06]} Nb6 {[%emt 0:05:47]} 13. Rc1 {[%emt 0:00:07]} Rc8 {[%emt 0:08:26]} 14. dxc5 {[%emt 0:07:35]} Rxc5 {[%emt 0:03:12]} 15. Qe2 {[%emt 0:09:40]} Qc7 {[%emt 0:06:04]} 16. b3 {[%emt 0:02:46]} Be7 {[%emt 0:07:49]} 17. O-O {[%emt 0:12:01]} O-O {[%emt 0:06:43]} 18. Be3 {[%emt 0:04:02]} Rh5 {[%emt 0:05:21]} 19. h3 {[%emt 0:07:01]} Nd7 {[%emt 0:08:38]} 20. Nd4 {[%emt 0:03:05]} Nf6 {[%emt 0:07:42]} 21. Rfd1 {[%emt 0:11:42]} a6 {[%emt 0:01:12]} 22. Rc2 {[%emt 0:00:49]} e5 {[%emt 0:09:34]} 23. Nf3 {[%emt 0:01:20]} e4 {[%emt 0:03:43]} 24. Nd4 {[%emt 0:00:51]} Qe5 {[%emt 0:01:35]} 25. f4 {[%emt 0:04:56]} exf3 {[%emt 0:01:37]} 26. Qxf3 {[%emt 0:00:30]} Bc5 {[%emt 0:06:19]} 27. g4 {[%emt 0:08:47]} Rg5 {[%emt 0:01:12]} 28. Kh1 {[%emt 0:06:44]} Rg6 {[%emt 0:05:34]} 29. Bf4 {[%emt 0:00:09]} Qe4 {[%emt 0:01:20]} 30. Re2 {[%emt 0:00:55]} Qxf3+ {[%emt 0:00:20]} 31. Nxf3 {[%emt 0:00:04]} Nxg4 {[%emt 0:01:27]} 32. hxg4 {[%emt 0:00:38]} Rf6 {[%emt 0:02:47]} 33. Re4 {[%emt 0:02:18]} g5 {[%emt 0:00:23]} 34. Be3 {[%emt 0:00:13]} Bxe3 {[%emt 0:02:15]} 35. Rxe3 {[%emt 0:00:03]} Rf4 {[%emt 0:00:57]} 36. Rd4 {[%emt 0:03:24]} f5 {[%emt 0:00:06]} 37. gxf5 {[%emt 0:00:44]} R4xf5 {[%emt 0:00:18]} 38. Kg2 {[%emt 0:00:04]} h5 {[%emt 0:00:27]} 39. Rd5 {[%emt 0:00:32]} b5 {[%emt 0:01:39]} 40. Rxf5 {[%emt 0:00:00]} Rxf5 {[%emt 0:00:00]} 41. Re5 {[%emt 0:09:36]} Rxe5 {[%emt 0:00:23]} 42. Nxe5 {[%emt 0:00:03]} bxc4 {[%emt 0:00:09]} 43. bxc4 {[%emt 0:01:19]} Kf8 {[%emt 0:00:54]} 44. Kf3 {[%emt 0:02:48]} Ke7 {[%emt 0:01:14]} 45. Ke4 {[%emt 0:00:48]} Kd6 {[%emt 0:02:30]} 46. Kd4 {[%emt 0:00:11]} g4 {[%emt 0:00:25]} 47. c5+ {[%emt 0:01:04]} Kc7 {[%emt 0:00:14]} 48. Kd5 {[%emt 0:01:14]} g3 {[%emt 0:00:57]} 49. Nf3 {[%emt 0:00:27]} g2 {[%emt 0:01:31]} 50. Ng1 {[%emt 0:00:23]} h4 {[%emt 0:00:55]} 51. c6 {[%emt 0:03:01]} Kc8 {[%emt 0:09:32]} 52. Kc5 {[%emt 0:02:12]} Kc7 {[%emt 0:00:05]} 53. a4 {[%emt 0:00:20] Kd6+} 1-0

[Event "69th RUS-ch Women Higher League 2019"]
[Site "Yaroslavl"]
[Date "2019.07.05"]
[Round "8.19"]
[White "Belenkaya, Dina"]
[Black "Matveeva, Olga"]
[Result "1-0"]
[WhiteElo "2321"]
[BlackElo "2189"]
[Annotator "NA"]
[PlyCount "129"]
[EventDate "2019.06.27"]
[EventType "swiss"]
[EventCountry "RUS"]
[SourceTitle "playchess.com"]
[Source "ChessBase"]
[SourceQuality "1"]
[TimeControl "40/5400+30:1800+30"]

1. e4 {[%emt 0:00:00]} e5 {[%emt 0:00:00]} 2. Nf3 {[%emt 0:00:00]} Nf6 {[%emt 0:00:00]} 3. Nc3 {[%emt 0:00:00]} Nc6 {[%emt 0:00:00]} 4. d4 {[%emt 0:00:26]} exd4 {[%emt 0:00:00]} 5. Nxd4 {[%emt 0:00:05]} Bb4 {[%emt 0:00:00]} 6. Nxc6 {[%emt 0:00:18]} bxc6 {[%emt 0:00:02]} 7. Bd3 {[%emt 0:00:10]} O-O {[%emt 0:00:28]} 8. O-O {[%emt 0:00:15]} d5 {[%emt 0:00:08]} 9. exd5 {[%emt 0:00:05]} cxd5 {[%emt 0:00:04]} 10. h3 {[%emt 0:01:06]} c6 {[%emt 0:00:42]} 11. Qf3 {[%emt 0:00:41]} Re8 {[%emt 0:01:38]} 12. Ne2 {[%emt 0:02:23]} Bd6 {[%emt 0:11:04]} 13. Ng3 {[%emt 0:03:49]} Rb8 {[%emt 0:05:36]} 14. Nf5 {[%emt 0:04:38]} Bxf5 {[%emt 0:06:29]} 15. Qxf5 {[%emt 0:00:50]} g6 {[%emt 0:03:54]} 16. Qf3 {[%emt 0:04:02]} Nd7 {[%emt 0:00:55]} 17. Qd1 {[%emt 0:01:12]} Qf6 {[%emt 0:06:08]} 18. c3 {[%emt 0:08:20]} Nc5 {[%emt 0:04:51]} 19. Bc2 {[%emt 0:01:11]} Ne4 {[%emt 0:01:24]} 20. Qd4 {[%emt 0:09:44]} Bc5 {[%emt 0:10:05]} 21. Qxf6 {[%emt 0:00:40]} Nxf6 {[%emt 0:00:04]} 22. b4 {[%emt 0:08:04]} Bb6 {[%emt 0:05:28]} 23. Bf4 {[%emt 0:01:55]} Rbc8 {[%emt 0:00:54]} 24. Rfe1 {[%emt 0:03:07]} a5 {[%emt 0:02:25]} 25. Kf1 {[%emt 0:06:44]} Re6 {[%emt 0:07:53]} 26. g4 {[%emt 0:05:38]} Kg7 {[%emt 0:04:05]} 27. a4 {[%emt 0:14:03]} Nd7 {[%emt 0:01:57]} 28. h4 {[%emt 0:09:26]} Rce8 {[%emt 0:02:01]} 29. Rxe6 {[%emt 0:04:12]} fxe6 {[%emt 0:01:22]} 30. Ke2 {[%emt 0:04:36]} e5 {[%emt 0:01:05]} 31. Bd2 {[%emt 0:01:11]} e4 {[%emt 0:03:02]} 32. Rb1 {[%emt 0:02:32]} Ne5 {[%emt 0:04:58]} 33. bxa5 {[%emt 0:02:24]} Bxa5 {[%emt 0:00:12]} 34. Rb7+ {[%emt 0:00:07]} Kg8 {[%emt 0:00:56]} 35. Ra7 {[%emt 0:00:39]} Bb6 {[%emt 0:03:59]} 36. Ra6 {[%emt 0:00:09]} Bc5 {[%emt 0:04:14]} 37. Be3 {[%emt 0:00:44]} Bxe3 {[%emt 0:01:17]} 38. fxe3 {[%emt 0:00:17]} Rb8 {[%emt 0:01:14]} 39. g5 {[%emt 0:00:50]} Rb2 {[%emt 0:04:37]} 40. Kd1 {[%emt 0:00:00]} Nc4 {[%emt 0:00:00]} 41. Kc1 {[%emt 0:05:16]} Rb8 {[%emt 0:15:59]} 42. Rxc6 {[%emt 0:01:03]} Kf7 {[%emt 0:02:47]} 43. Bxe4 {[%emt 0:02:07]} Nxe3 {[%emt 0:00:24]} 44. Bf3 {[%emt 0:02:39]} Ke7 {[%emt 0:02:49]} 45. a5 {[%emt 0:01:23]} Rb5 {[%emt 0:02:48]} 46. a6 {[%emt 0:00:59]} Ra5 {[%emt 0:00:04]} 47. Be2 {[%emt 0:05:31]} Ng2 {[%emt 0:00:15]} 48. Kb2 {[%emt 0:07:04]} Nxh4 {[%emt 0:01:08]} 49. Kb3 {[%emt 0:02:52]} Kd7 {[%emt 0:01:12]} 50. Rf6 {[%emt 0:00:30]} Kc7 {[%emt 0:02:31]} 51. Kb4 {[%emt 0:00:17]} Ra2 {[%emt 0:00:40]} 52. Bb5 {[%emt 0:00:35]} Nf5 {[%emt 0:01:26]} 53. Rf7+ {[%emt 0:03:55]} Kb8 {[%emt 0:02:23]} 54. Kc5 {[%emt 0:01:01]} Ra5 {[%emt 0:01:13]} 55. Rb7+ {[%emt 0:00:55]} Ka8 {[%emt 0:00:46]} 56. Kxd5 {[%emt 0:00:40]} h5 {[%emt 0:01:30]} 57. c4 {[%emt 0:01:25]} h4 {[%emt 0:00:35]} 58. Rh7 {[%emt 0:00:17]} Ra1 {[%emt 0:01:20]} 59. Kc5 {[%emt 0:00:16]} Kb8 {[%emt 0:01:07]} 60. Kb6 {[%emt 0:00:38]} Nd6 {[%emt 0:00:07]} 61. Rxh4 {[%emt 0:01:19]} Nc8+ {[%emt 0:00:49]} 62. Kc5 {[%emt 0:00:06]} Rg1 {[%emt 0:00:38]} 63. Kc6 {[%emt 0:00:30]} Rxg5 {[%emt 0:00:14]} 64. Rh8 {[%emt 0:00:21]} Rh5 {[%emt 0:01:12]} 65. Rxc8+ {[%emt 0:01:50]} 1-0

[Event "69th RUS-ch Women Higher League 2019"]
[Site "Yaroslavl"]
[Date "2019.07.05"]
[Round "8.20"]
[White "Afonasieva, Anna"]
[Black "Shaydullina, Sandugach"]
[Result "1-0"]
[WhiteElo "2303"]
[BlackElo "2128"]
[Annotator "NA"]
[PlyCount "139"]
[EventDate "2019.06.27"]
[EventType "swiss"]
[EventCountry "RUS"]
[SourceTitle "playchess.com"]
[Source "ChessBase"]
[SourceQuality "1"]
[TimeControl "40/5400+30:1800+30"]

1. d4 {[%emt 0:00:00]} d5 {[%emt 0:00:00]} 2. Nf3 {[%emt 0:00:00]} a6 {[%emt 0:01:27]} 3. Bf4 {[%emt 0:01:50]} e6 {[%emt 0:01:05]} 4. e3 {[%emt 0:01:18]} Bd6 {[%emt 0:00:39]} 5. Bd3 {[%emt 0:03:15]} Ne7 {[%emt 0:03:47]} 6. c3 {[%emt 0:02:36]} c5 {[%emt 0:00:56]} 7. Bg3 {[%emt 0:05:08]} Nbc6 {[%emt 0:00:28]} 8. Nbd2 {[%emt 0:00:41]} c4 {[%emt 0:05:24]} 9. Bc2 {[%emt 0:01:04]} f5 {[%emt 0:00:07]} 10. Nh4 {[%emt 0:14:44]} O-O {[%emt 0:03:38]} 11. Bxd6 {[%emt 0:04:01]} Qxd6 {[%emt 0:00:05]} 12. f4 {[%emt 0:00:50]} b5 {[%emt 0:00:21]} 13. g4 {[%emt 0:01:51]} e5 {[%emt 0:04:31]} 14. dxe5 {[%emt 0:03:39]} Qh6 {[%emt 0:00:05]} 15. Nxf5 {[%emt 0:21:09]} Bxf5 {[%emt 0:00:36]} 16. Bxf5 {[%emt 0:01:19]} Qh4+ {[%emt 0:02:56]} 17. Ke2 {[%emt 0:00:58]} Nxf5 {[%emt 0:03:50]} 18. gxf5 {[%emt 0:00:22]} Qg4+ {[%emt 0:01:25]} 19. Kf2 {[%emt 0:00:40]} Nxe5 {[%emt 0:02:35]} 20. Qxg4 {[%emt 0:06:25]} Nxg4+ {[%emt 0:00:07]} 21. Kf3 {[%emt 0:00:25]} Nh6 {[%emt 0:00:05]} 22. Rad1 {[%emt 0:01:03]} Nxf5 {[%emt 0:01:46]} 23. Nf1 {[%emt 0:00:12]} Ne7 {[%emt 0:01:03]} 24. Ng3 {[%emt 0:00:36]} a5 {[%emt 0:00:44]} 25. Rhg1 {[%emt 0:04:22]} b4 {[%emt 0:00:55]} 26. Ne2 {[%emt 0:00:34]} Ra6 {[%emt 0:01:09]} 27. Rd2 {[%emt 0:03:13]} Rh6 {[%emt 0:00:24]} 28. Nd4 {[%emt 0:00:40]} Ng6 {[%emt 0:04:00]} 29. Kg2 {[%emt 0:11:01]} Re8 {[%emt 0:07:04]} 30. Nf5 {[%emt 0:04:24]} Rh5 {[%emt 0:00:07]} 31. Ng3 {[%emt 0:00:16]} Rh6 {[%emt 0:01:03]} 32. Kf3 {[%emt 0:03:19]} Nh4+ {[%emt 0:01:05]} 33. Kf2 {[%emt 0:00:13]} Ng6 {[%emt 0:00:56]} 34. Rh1 {[%emt 0:00:30]} Ne7 {[%emt 0:00:20]} 35. h4 {[%emt 0:00:55]} Rb6 {[%emt 0:01:05]} 36. Rg1 {[%emt 0:01:12]} Rf8 {[%emt 0:00:43]} 37. Nh5 {[%emt 0:01:27]} g6 {[%emt 0:00:15]} 38. Ng3 {[%emt 0:00:39]} a4 {[%emt 0:00:12]} 39. Ne2 {[%emt 0:00:56]} Rfb8 {[%emt 0:02:34]} 40. Rgd1 {[%emt 0:00:00]} a3 {[%emt 0:00:00]} 41. cxb4 {[%emt 0:02:34]} Ra6 {[%emt 0:13:34]} 42. Nc3 {[%emt 0:04:25]} Rxb4 {[%emt 0:09:44]} 43. bxa3 {[%emt 0:00:35]} Rxa3 {[%emt 0:00:05]} 44. Nxd5 {[%emt 0:00:20]} Nxd5 {[%emt 0:04:41]} 45. Rxd5 {[%emt 0:00:14]} Rb2+ {[%emt 0:00:53]} 46. Kf3 {[%emt 0:00:53]} Raxa2 {[%emt 0:03:12]} 47. Rd8+ {[%emt 0:00:42]} Kf7 {[%emt 0:00:43]} 48. R1d7+ {[%emt 0:03:10]} Ke6 {[%emt 0:00:10]} 49. Rd6+ {[%emt 0:00:43]} Kf7 {[%emt 0:01:17]} 50. R8d7+ {[%emt 0:00:18]} Ke8 {[%emt 0:00:15]} 51. Rxh7 {[%emt 0:00:15]} c3 {[%emt 0:02:19]} 52. Rc6 {[%emt 0:00:22]} Rf2+ {[%emt 0:01:23]} 53. Ke4 {[%emt 0:00:07]} Kd8 {[%emt 0:03:35]} 54. Rxc3 {[%emt 0:01:10]} Ra4+ {[%emt 0:00:27]} 55. Kd3 {[%emt 0:00:18]} Ra6 {[%emt 0:00:34]} 56. Kd4 {[%emt 0:02:54]} Ra4+ {[%emt 0:00:19]} 57. Rc4 {[%emt 0:00:31]} Ra6 {[%emt 0:02:04]} 58. h5 {[%emt 0:06:18]} Rd2+ {[%emt 0:04:13]} 59. Ke4 {[%emt 0:00:57]} Re6+ {[%emt 0:02:00]} 60. Kf3 {[%emt 0:00:04]} gxh5 {[%emt 0:01:47]} 61. Ra4 {[%emt 0:00:18]} Re7 {[%emt 0:09:21]} 62. Ra8+ {[%emt 0:00:06]} Kd7 {[%emt 0:00:06]} 63. Ra7+ {[%emt 0:00:04]} Kd6 {[%emt 0:00:02]} 64. Raxe7 {[%emt 0:00:09]} Rh2 {[%emt 0:00:07]} 65. Ra7 {[%emt 0:00:21]} h4 {[%emt 0:00:18]} 66. Ra5 {[%emt 0:00:08]} Rh3+ {[%emt 0:00:39]} 67. Ke4 {[%emt 0:00:05]} Rh1 {[%emt 0:00:22]} 68. Rh6+ {[%emt 0:00:04]} Kc7 {[%emt 0:00:06]} 69. Ra7+ {[%emt 0:00:10]} Kb8 {[%emt 0:00:06]} 70. Rg7 {[%emt 0:00:05]} 1-0

[Event "69th RUS-ch Women Higher League 2019"]
[Site "Yaroslavl"]
[Date "2019.07.05"]
[Round "8.21"]
[White "Yakushina, Ekaterina"]
[Black "Filippova, Darya"]
[Result "0-1"]
[WhiteElo "1783"]
[BlackElo "2174"]
[Annotator "NA"]
[PlyCount "102"]
[EventDate "2019.06.27"]
[EventType "swiss"]
[EventCountry "RUS"]
[SourceTitle "playchess.com"]
[Source "ChessBase"]
[SourceQuality "1"]
[TimeControl "40/5400+30:1800+30"]

1. d4 {[%emt 0:00:04]} d5 {[%emt 0:00:22]} 2. c4 {[%emt 0:00:51]} c6 {[%emt 0:00:32]} 3. Nf3 {[%emt 0:00:20]} Nf6 {[%emt 0:00:19]} 4. Nc3 {[%emt 0:00:14]} e6 {[%emt 0:00:40]} 5. g3 {[%emt 0:00:27]} Nbd7 {[%emt 0:02:49]} 6. Bg2 {[%emt 0:00:20]} Be7 {[%emt 0:01:26]} 7. O-O {[%emt 0:00:27]} O-O {[%emt 0:00:41]} 8. Qd3 {[%emt 0:00:23]} b6 {[%emt 0:02:48]} 9. e4 {[%emt 0:00:15]} dxe4 {[%emt 0:01:00]} 10. Nxe4 {[%emt 0:00:13]} Bb7 {[%emt 0:03:34]} 11. Rd1 {[%emt 0:03:22]} c5 {[%emt 0:06:47]} 12. Nfg5 {[%emt 0:16:53]} Qc8 {[%emt 0:08:46]} 13. d5 {[%emt 0:08:56]} exd5 {[%emt 0:01:37]} 14. cxd5 {[%emt 0:00:59]} h6 {[%emt 0:05:34]} 15. d6 {[%emt 0:14:03]} Bd8 {[%emt 0:01:34]} 16. Nxf6+ {[%emt 0:03:08]} Nxf6 {[%emt 0:00:10]} 17. Nf3 {[%emt 0:01:29]} Be4 {[%emt 0:01:53]} 18. Qc4 {[%emt 0:08:17]} Qb7 {[%emt 0:00:52]} 19. Ne1 {[%emt 0:03:40]} b5 {[%emt 0:05:21]} 20. Qxc5 {[%emt 0:10:33]} Bb6 {[%emt 0:00:35]} 21. Bxe4 {[%emt 0:00:27]} Nxe4 {[%emt 0:01:51]} 22. Qd5 {[%emt 0:00:29]} Qxd5 {[%emt 0:02:31]} 23. Rxd5 {[%emt 0:00:07]} Nxf2 {[%emt 0:04:04]} 24. Rxb5 {[%emt 0:07:10]} Ne4+ {[%emt 0:00:52]} 25. Kg2 {[%emt 0:01:22]} Nxd6 {[%emt 0:00:39]} 26. Rd5 {[%emt 0:02:22]} Rfe8 {[%emt 0:02:06]} 27. Bxh6 {[%emt 0:03:41]} Re2+ {[%emt 0:00:55]} 28. Kh3 {[%emt 0:00:44]} Ne4 {[%emt 0:02:09]} 29. Bf4 {[%emt 0:02:19]} Nf2+ {[%emt 0:03:30]} 30. Kh4 {[%emt 0:01:09]} Bd8+ {[%emt 0:01:20]} 31. Rxd8+ {[%emt 0:02:30]} Rxd8 {[%emt 0:00:10]} 32. Nf3 {[%emt 0:00:21]} f6 {[%emt 0:01:10]} 33. Bc7 {[%emt 0:02:52]} Re4+ {[%emt 0:00:36]} 34. Bf4 {[%emt 0:01:38]} g5+ {[%emt 0:00:42]} 35. Nxg5 {[%emt 0:00:09]} fxg5+ {[%emt 0:00:13]} 36. Kxg5 {[%emt 0:00:06]} Rd5+ {[%emt 0:01:41]} 37. Kh4 {[%emt 0:00:48]} Rd1 {[%emt 0:00:43]} 38. Rxd1 {[%emt 0:00:27]} Nxd1 {[%emt 0:00:07]} 39. b3 {[%emt 0:00:33]} Re2 {[%emt 0:01:38]} 40. a3 {[%emt 0:00:00]} Rxh2+ {[%emt 0:00:00]} 41. Kg4 {[%emt 0:00:15]} Rb2 {[%emt 0:00:36]} 42. b4 {[%emt 0:00:05]} Ra2 {[%emt 0:00:12]} 43. Bc1 {[%emt 0:00:43]} Ra1 {[%emt 0:00:09]} 44. Bf4 {[%emt 0:00:11]} Rxa3 {[%emt 0:00:11]} 45. Bd6 {[%emt 0:00:04]} Nf2+ {[%emt 0:01:09]} 46. Kh4 {[%emt 0:00:18]} Nd3 {[%emt 0:00:19]} 47. b5 {[%emt 0:01:24]} Ra5 {[%emt 0:00:11]} 48. Bb8 {[%emt 0:00:12]} Nb4 {[%emt 0:01:17]} 49. g4 {[%emt 0:00:33]} Nd5 {[%emt 0:00:10]} 50. g5 {[%emt 0:00:50]} Nb6 {[%emt 0:00:20]} 51. g6 {[%emt 0:00:09]} Nc8 {[%emt 0:00:12]} 0-1

[Event "69th RUS-ch Women Higher League 2019"]
[Site "Yaroslavl"]
[Date "2019.07.05"]
[Round "8.22"]
[White "Mokshanova, Elizaveta"]
[Black "Maltsevskaya, Aleksandra"]
[Result "0-1"]
[WhiteElo "2020"]
[BlackElo "2316"]
[Annotator "NA"]
[PlyCount "48"]
[EventDate "2019.06.27"]
[EventType "swiss"]
[EventCountry "RUS"]
[SourceTitle "playchess.com"]
[Source "ChessBase"]
[SourceQuality "1"]
[TimeControl "40/5400+30:1800+30"]

1. e4 {[%emt 0:00:00]} c6 {[%emt 0:00:00]} 2. d4 {[%emt 0:00:00]} d5 {[%emt 0:00:00]} 3. exd5 {[%emt 0:00:00]} cxd5 {[%emt 0:00:00]} 4. c4 {[%emt 0:00:00]} Nf6 {[%emt 0:00:00]} 5. Nc3 {[%emt 0:00:00]} Nc6 {[%emt 0:00:00]} 6. Bg5 {[%emt 0:00:00]} Be6 {[%emt 0:02:43]} 7. Be2 {[%emt 0:00:25]} Qa5 {[%emt 0:00:22]} 8. c5 {[%emt 0:00:36]} g6 {[%emt 0:00:48]} 9. Nf3 {[%emt 0:01:12]} Bg7 {[%emt 0:00:34]} 10. O-O {[%emt 0:00:44]} O-O {[%emt 0:00:48]} 11. h3 {[%emt 0:04:54]} Ne4 {[%emt 0:03:22]} 12. Bd2 {[%emt 0:20:28]} Qc7 {[%emt 0:08:07]} 13. Be3 {[%emt 0:04:19]} Rad8 {[%emt 0:01:06]} 14. Rc1 {[%emt 0:07:28]} f5 {[%emt 0:05:13]} 15. g3 {[%emt 0:23:34]} f4 {[%emt 0:07:56]} 16. Bxf4 {[%emt 0:06:24]} Rxf4 {[%emt 0:00:10]} 17. gxf4 {[%emt 0:00:02]} Qxf4 {[%emt 0:00:37]} 18. Kg2 {[%emt 0:05:13]} Rf8 {[%emt 0:07:39]} 19. Qd3 {[%emt 0:04:27]} Nxd4 {[%emt 0:26:01]} 20. Nxd4 {[%emt 0:04:19]} Be5 {[%emt 0:00:05]} 21. Nf3 {[%emt 0:00:45]} Bxh3+ {[%emt 0:00:13]} 22. Kh1 {[%emt 0:04:30]} Qg4 {[%emt 0:02:00]} 23. Ne1 {[%emt 0:01:20]} Qh4 {[%emt 0:00:06]} 24. Nf3 {[%emt 0:02:16]} Rxf3 {[%emt 0:00:24]} 0-1